| 000 | 00649nam a22002177a 4500 | ||
|---|---|---|---|
| 005 | 20250728140146.0 | ||
| 008 | 220314b ||||| |||| 00| 0 eng d | ||
| 040 | _cAL | ||
| 041 | _aEnglish | ||
| 082 |
_223 _a657.48 _bJAIA |
||
| 100 |
_aS P Jain and others _9220488 |
||
| 245 |
_aAdvanced Financial Accounting _b: Bcom IInd Sem |
||
| 260 |
_aLudhiana _bKalyani Publishers _c2022 |
||
| 300 |
_a286p _bPB _c24x17cm |
||
| 365 |
_a6351 _b₹180.00 _c₹ _d₹225.00 _e20% _f10-03-2022 |
||
| 650 |
_aFinancial Accounting _923592 |
||
| 700 |
_aNarang K L _923594 |
||
| 700 |
_aAgarwal Simmi _923595 |
||
| 700 |
_aSehgal Monika _923596 |
||
| 942 |
_2ddc _cREF |
||
| 999 |
_c221863 _d221863 |
||